| 000 | 00637nam a2200229Ia 4500 | ||
|---|---|---|---|
| 003 | OSt | ||
| 005 | 20240913134003.0 | ||
| 008 | 220927b |||||||| |||| 00| 0 eng d | ||
| 020 | _a8126306262 | ||
| 024 | _a47767 | ||
| 037 | _cTextual | ||
| 040 |
_aSDCL _cSDCL _beng |
||
| 041 |
_2hin _ahin |
||
| 082 | _aO152,1N17x P1 | ||
| 100 |
_aMuktibodh Gajanan Madhav _9393017 |
||
| 245 | 0 | _aChaand ka munh terha hai : | |
| 250 | _a14th | ||
| 260 |
_aNew Delhi : _bDelh Bhartiya Jnanpith, _c2001. |
||
| 300 |
_a295p. _ccm. |
||
| 942 |
_hO152,1N17x P1 _cTEXL _2CC |
||
| 999 |
_c727071 _d727071 |
||